00254nam a2200097Ia 4500008004100000100002600041245004700067260002600114300000800140650000800148191201s2014 xx 000 0 und d aPANDIAN, Punithavathy 0aSecurity Analysis and Portfolio Management aN. DelhibVikasc2014 a559 aMBA